Gari-Gari (Record no. 32218)

MARC details
000 -LEADER
campo de control de longitud fija 00648nam a2200193 i 4500
001 - NÚMERO DE CONTROL
campo de control 32218
003 - IDENTIFICADOR DE NÚMERO DE CONTROL
campo de control ES-MaACL
005 - FECHA Y HORA DE LA ÚLTIMA TRANSACCIÓN
campo de control 20230906154532.0
007 - CAMPO FIJO DE DESCRIPCIÓN FÍSICA--INFORMACIÓN GENERAL
campo de control de longitud fija t|
008 - DATOS DE LONGITUD FIJA--INFORMACIÓN GENERAL
campo de control de longitud fija 030130s1963 sp ||||1| spa d
100 1# - ENTRADA PRINCIPAL--NOMBRE DE PERSONA
Nombre de persona Bernatzik, Hugo Adolf.
9 (RLIN) 28305
245 10 - MENCIÓN DEL TÍTULO
Título Gari-Gari
Resto del título : vida y costumbres de los negros del Alto Nilo /
Mención de responsabilidad, etc. Hugo Adolf Bernatzik ; versión por Francisco Payarols.
260 ## - PUBLICACIÓN, DISTRIBUCIÓN, ETC.
Lugar de publicación, distribución, etc. Barcelona :
Nombre del editor, distribuidor, etc. Labor,
Fecha de publicación, distribución, etc. [1963]
300 ## - DESCRIPCIÓN FÍSICA
Extensión 216 p., 36 lám. ;
Dimensiones 20 cm.
651 #4 - PUNTO DE ACCESO ADICIONAL DE MATERIA--NOMBRE GEOGRÁFICO
Nombre geográfico Sudán-
Subdivisión general Descripción.
9 (RLIN) 9414
651 #4 - PUNTO DE ACCESO ADICIONAL DE MATERIA--NOMBRE GEOGRÁFICO
Nombre geográfico Sudán-
Subdivisión general Usos y costumbres.
9 (RLIN) 169052
700 1# - ENTRADA AGREGADA--NOMBRE PERSONAL
Nombre de persona Payarols, Francisco.
9 (RLIN) 89715
852 ## - LOCALIZACIÓN
Ubicación ES-MaACL
Número de control de estantería C-50920
Sublocalización o colección R.72640
Holdings
Estatus retirado Estado de pérdida Estado de daño No para préstamo Biblioteca de origen Biblioteca actual Ubicación en estantería Fecha de adquisición Fuente de adquisición Total de préstamos Signatura topográfica completa Código de barras Visto por última vez Precio de reemplazo Tipo de ítem Koha
        Biblioteca del Ateneo de Madrid Biblioteca del Ateneo de Madrid Depósito 2 17/01/2008     C-50920 1033353 23/02/2023 23/02/2023 Libro impreso